00641cam a22002053a 450000100060000000300060000600500170001200800410002904000150007004200070008505000070009205000070009924501280010626000290023450600300026351600200029365300510031383000290036485600420039317536PGUSA20140828083356.0060117s2006||||xxu|||||s|||||000 | eng d aPGUSAbeng adc 4aAP 4aPZ14aThe Nursery, No. 169, January, 1881, Vol. XXIX :bA Monthly Magazine for Youngest Readersh[electronic resource] /cVarious bProject Gutenberg,c2006 aPublic domain in the USA. aElectronic text aChildren's literature, American -- Periodicals 0aProject Gutenbergv1753640uhttp://www.gutenberg.org/ebooks/17536